00528cam a22001815a 450000500170000000800410001701000140005802000260007203500130009803700130011104000130012408200100013710000170014724500480016426000500021227000580026230000260032020091103014612.0090911s2009 ii ab b 100 0 eng d aENG-95390 a9788131305874c695.00 aEN-78923 aDBAD/PUB aDPLbeng a540.3 aMittal, Arun aDicitionary of chemistry /c by Arun Mittal aNew Delhi :bAPH Publishing Corporationc2009 a4435-36/7. Ansari road, Darya GanjbNew Delhie110002 a 310p.;c22 cm. (Hb)